| 000 | 02808nka a2200397 i 4500 | ||
|---|---|---|---|
| 001 | 102972 | ||
| 003 | ES-MaACL | ||
| 005 | 20250823042522.0 | ||
| 007 | t| | ||
| 008 | 051222e1798 sp f | |r||1c|spa d | ||
| 100 | 1 |
_aRibault, Jean François, _d1767-1820 _eegr _996738 |
|
| 245 | 1 | 1 |
_a[San Bartolomé] _h[Material gráfico] / _cLe Tableau par Joseph Rivera ; Le Dessein par Leon Bueno ; La planche ébauchée aprés l'Eau forte, par Ribault et Audoin, sous la Direction d Ingouf... qui la... terminé em 1798 |
| 260 |
_a[Madrid : _bse hallará en la Calcografía de la Imprenta Real, _c1798] |
||
| 300 |
_a1 estampa : _bgrabado calcográfico ; _c557 x 407 mm |
||
| 490 | 1 |
_aColección facticia de grabados ; _v25 _9184692 |
|
| 500 | _aInscripción: "San Bartolomé de Rivera, tiene seis pies y medio de alto por seis de ancho, se ha trasladado del Real Palacio al Museo de Madrid" | ||
| 500 | _aEstampa que reproduce la pintura de Ribera que se conservaba en el Palacio Real de Madrid, hoy en el Museo del Prado. Audouin y Ribault grabaron la plancha de cobre en 1798, por la que cobraron 1.100 reales, a partir del dibujo de León Bueno | ||
| 520 | _aEl lienzo original de Ribera formaba parte de la serie de cuatro santos procedentes de la colección del marqués de los Llanos: dos santos en edad juvenil (san Juan Bautista y santa María Magdalena) y dos en edad avanzada (san Bartolomé y santa María Egipciaca); aludiendo a las dos fases principales de la vida del ser humano (juventud y vejez) y los efectos de la edad sobre ambos sexos. Esta obra es el contrapunto de la figura adolescente del san Juan Bautista y muestra como novedad iconográfica la representación del santo no en el momento de su martirio, aunque porta el cuchillo en sus manos | ||
| 530 | _aDisponible en formato digital | ||
| 600 | 0 | 4 |
_aBartolomé, _cSanto _926168 |
| 655 | 7 |
_aGrabados calcográficos _2tgfbne _9241761 |
|
| 655 | 7 |
_aGrabados _2tgfbne _9226846 |
|
| 655 | 4 |
_aReproducciones de obras de arte _9241931 |
|
| 700 | 1 |
_aRibera, José de, _d1591-1652 _eart _996775 |
|
| 700 | 1 |
_aBueno, León, _ds. XVIII _edrm _932380 |
|
| 700 | 1 |
_aAudouin, Pierre, _d1768-1822 _eegr _923865 |
|
| 700 | 1 |
_aIngouf, François Robert, _d1747-1812 _ecnd _965305 |
|
| 710 | 2 |
_aCalcografía de la Imprenta Real _eedt _9241806 |
|
| 830 | 0 |
_aColección facticia de grabados ; _v25 _9184692 |
|
| 852 | 4 |
_aES-MaACL _cDEPO2 _jGF-2(25) |
|
| 856 | 4 |
_uhttps://www.museodelprado.es/coleccion/obra-de-arte/san-bartolome/01035dfa-6b1b-48c9-98f5-d74323d14c18 _yVersión en línea _z(Museo del Prado) _2 |
|
| 856 | 4 |
_uhttps://ceres.mcu.es/pages/Viewer?accion=4&AMuseo=MBACO&Ninv=CE0324G _yVersión en línea _z(CER.es (Colecciones en Red)) |
|
| 942 |
_2udc _cDIBGRB _n0 |
||
| 999 |
_c102972 _d102972 |
||